[Event "Wroclaw Anderssen Memorial op"]
[Site "Wroclaw"]
[Date "2024.08.15"]
[Round "8"]
[White "Kowalski, Maciej3"]
[Black "Spytek, Hubert"]
[Result "0-1"]
[WhiteElo "1646"]
[BlackElo "1760"]
[PlyCount "74"]
[EventDate "2024.08.15"]
[EventType "swiss (blitz)"]
[EventRounds "9"]
[EventCountry "POL"]
[SourceTitle "CBM 221 Extra"]
[Source "ChessBase"]
[SourceDate "2024.09.30"]
[SourceVersion "1"]
[SourceVersionDate "2024.09.30"]
[SourceQuality "1"]

1. e4 c5 2. Nf3 Nc6 3. d4 cxd4 4. Nxd4 Nf6 5. Nc3 e5 6. Ndb5 d6 7. Nd5 Nxd5 8. exd5 Nb8 9. c4 Be7 10. Bd3 a6 11. Nc3 Nd7 12. 0-0 0-0 13. a3 f5 14. f4 exf4 15. Bxf4 Ne5 16. b4 Qb6+ 17. Kh1 Qd4 18. Bxe5 dxe5 19. Ne2 Qh4 20. c5 e4 21. Nf4 exd3 22. Qxd3 Bf6 23. Rae1 Bd7 24. d6 Bb5 25. Qd5+ Kh8 26. Rg1 Qxf4 27. d7 Qc7 28. Qxf5 Qxd7 29. Qh5 Qf7 30. Qg4 Qg6 31. Qd1 Rad8 32. Qc1 Bc6 33. Qc4 Bd4 34. Re6 Qxe6 35. Qxe6 Bxg1 36. Kxg1 Rd1+ 37. Qe1 Rxe1# 0-1

[Event "Wroclaw Anderssen Memorial op"]
[Site "Wroclaw"]
[Date "2024.08.15"]
[Round "3"]
[White "Spytek, Hubert"]
[Black "Golenia, Wojciech"]
[Result "0-1"]
[WhiteElo "1760"]
[BlackElo "2212"]
[PlyCount "70"]
[EventDate "2024.08.15"]
[EventType "swiss (blitz)"]
[EventRounds "9"]
[EventCountry "POL"]
[SourceTitle "CBM 221 Extra"]
[Source "ChessBase"]
[SourceDate "2024.09.30"]
[SourceVersion "1"]
[SourceVersionDate "2024.09.30"]
[SourceQuality "1"]

1. d4 Nf6 2. c4 e6 3. Nc3 Bb4 4. Bg5 h6 5. Bd2 d5 6. e3 a6 7. a3 Be7 8. c5 Nc6 9. b4 e5 10. b5 exd4 11. bxc6 dxc3 12. Bxc3 Bxc5 13. cxb7 Bxb7 14. Qa4+ c6 15. Rb1 Rb8 16. Bxa6 Bxa6 17. Qxc6+ Nd7 18. Rxb8 Qxb8 19. Qxa6 Qb1+ 20. Ke2 d4 21. Qc8+ Ke7 22. Qxh8 dxc3 23. Qa8 Qc2+ 24. Kf3 Ne5+ 25. Kf4 Nd3+ 26. Kg3 Qxf2+ 27. Kh3 Qxe3+ 28. Nf3 Nf4+ 29. Kg3 Bd6 30. Qb7+ Kf6 31. Qc6 Ne2+ 32. Kh3 Qe6+ 33. Kh4 g5+ 34. Kh5 Nf4+ 35. Kxh6 Bf8+ 0-1

[Event "Warsaw Maciei Memorial Blitz"]
[Site "Warsaw"]
[Date "2024.07.08"]
[Round "1"]
[White "Smal, Tobiasz"]
[Black "Spytek, Hubert"]
[Result "1-0"]
[WhiteElo "2002"]
[BlackElo "1722"]
[PlyCount "63"]
[EventDate "2024.07.08"]
[EventType "swiss (blitz)"]
[EventRounds "11"]
[EventCountry "POL"]
[SourceTitle "CBM 221 Extra"]
[Source "ChessBase"]
[SourceDate "2024.09.30"]
[SourceVersion "1"]
[SourceVersionDate "2024.09.30"]
[SourceQuality "1"]

1. c4 Nf6 2. Nc3 d5 3. cxd5 Nxd5 4. g3 g6 5. Bg2 c6 6. d4 Bg7 7. e4 Nxc3 8. bxc3 c5 9. Be3 Qa5 10. Qd2 Nc6 11. Ne2 0-0 12. 0-0 cxd4 13. Nxd4 Nxd4 14. Bxd4 Rd8 15. Qe3 Be6 16. Rfd1 Bc4 17. h4 Qa4 18. Rd2 Bxd4 19. cxd4 b5 20. h5 Qa6 21. h6 Rd7 22. d5 Qd6 23. e5 Qb6 24. Qc3 e6 25. dxe6 Rxd2 26. Qxd2 Rd8 27. e7 Re8 28. Qd6 Qa5 29. Bc6 Rc8 30. e8Q+ Rxe8 31. Bxe8 Qc3 32. Rd1 1-0

[Event "Krakow Malopolski Cup"]
[Site "Krakow"]
[Date "2022.08.04"]
[Round "1"]
[White "Lis, Maksymilian"]
[Black "Spytek, Hubert"]
[Result "1-0"]
[WhiteElo "1665"]
[BlackElo "1229"]
[PlyCount "49"]
[EventDate "2022.08.04"]
[EventType "swiss"]
[EventRounds "9"]
[EventCountry "POL"]
[SourceTitle "CBM 209 Extra"]
[Source "ChessBase"]
[SourceDate "2022.09.30"]
[SourceVersion "1"]
[SourceVersionDate "2022.09.30"]
[SourceQuality "1"]

1. d4 Nf6 2. c4 g6 3. Nc3 d5 4. Bg5 Ne4 5. Bh4 Nxc3 6. bxc3 c6 7. e3 Bg7 8. Nf3 Nd7 9. cxd5 cxd5 10. Be2 Qa5 11. 0-0 Qxc3 12. Qa4 Qc7 13. Rfc1 Qd6 14. Bg3 Qe6 15. Ne1 a6 16. Nd3 b5 17. Qb3 g5 18. Bf3 Bb7 19. Rc7 Ra7 20. Bxd5 Qb6 21. Bxb7 e6 22. Rc8+ Ke7 23. Qb4+ Kf6 24. Rxh8 Bxh8 25. Bf3 1-0

[Event "POL-ch U13 Qual"]
[Site "Jastrzebia Gora"]
[Date "2021.11.21"]
[Round "9"]
[White "Spytek, Hubert"]
[Black "Owczarz, Michal"]
[Result "1/2-1/2"]
[WhiteElo "1220"]
[BlackElo "1180"]
[PlyCount "69"]
[EventDate "2021.11.15"]
[EventType "swiss"]
[EventRounds "9"]
[EventCountry "POL"]
[SourceTitle "EXT 2023"]
[Source "ChessBase"]
[SourceDate "2022.10.05"]
[SourceVersion "1"]
[SourceVersionDate "2022.10.05"]
[SourceQuality "1"]

1. d4 d5 2. Bf4 Nf6 3. e3 c5 4. c3 Nc6 5. Nd2 Qb6 6. Qb3 c4 7. Qxb6 axb6 8. e4 e6 9. g3 b5 10. Bg2 b4 11. Bg5 bxc3 12. bxc3 Ra3 13. Bxf6 gxf6 14. exd5 exd5 15. Bxd5 Rxc3 16. Ne2 Rc2 17. Be4 Rb2 18. Nxc4 Rb4 19. Rc1 Bd7 20. a3 Rb3 21. Rb1 Rxb1+ 22. Bxb1 Bg4 23. Be4 Bxe2 24. Bxc6+ bxc6 25. Kxe2 Kd7 26. a4 Bb4 27. Rb1 c5 28. dxc5 Bxc5 29. Rb7+ Ke6 30. Rc7 Bd4 31. Ne3 Ra8 32. Rc4 Be5 33. Kf3 h5 34. Ke4 Rd8 35. Kf3 1/2-1/2

[Event "POL-ch U13 Qual"]
[Site "Jastrzebia Gora"]
[Date "2021.11.19"]
[Round "7"]
[White "Krzastek, Adrian"]
[Black "Spytek, Hubert"]
[Result "1/2-1/2"]
[WhiteElo "1220"]
[BlackElo "1220"]
[PlyCount "60"]
[EventDate "2021.11.15"]
[EventType "swiss"]
[EventRounds "9"]
[EventCountry "POL"]
[SourceTitle "EXT 2023"]
[Source "ChessBase"]
[SourceDate "2022.10.05"]
[SourceVersion "1"]
[SourceVersionDate "2022.10.05"]
[SourceQuality "1"]

1. e4 d5 2. exd5 Qxd5 3. Nc3 Qd6 4. d4 Nf6 5. Nf3 a6 6. g3 Bg4 7. h3 Bxf3 8. Qxf3 c6 9. Ne2 e6 10. Bg2 Qc7 11. 0-0 Bd6 12. Bf4 Nbd7 13. c3 Bxf4 14. Nxf4 0-0 15. Rad1 Nd5 16. Nd3 Rab8 17. Rfe1 b5 18. Ne5 Rbc8 19. Nxd7 Qxd7 20. Qg4 Qe7 21. f4 Qf6 22. Re5 Rfd8 23. Rde1 Ne7 24. a3 Nf5 25. Rc5 Ne7 26. Rce5 Nf5 27. Rc5 Ne7 28. Rce5 Nf5 29. Rc5 Ne7 30. Rce5 Nf5 1/2-1/2

[Event "POL-ch U13 Qual"]
[Site "Jastrzebia Gora"]
[Date "2021.11.18"]
[Round "6"]
[White "Weber, Dorian"]
[Black "Spytek, Hubert"]
[Result "0-1"]
[WhiteElo "1002"]
[BlackElo "1220"]
[PlyCount "54"]
[EventDate "2021.11.15"]
[EventType "swiss"]
[EventRounds "9"]
[EventCountry "POL"]
[SourceTitle "EXT 2023"]
[Source "ChessBase"]
[SourceDate "2022.10.05"]
[SourceVersion "1"]
[SourceVersionDate "2022.10.05"]
[SourceQuality "1"]

1. d4 g6 2. Nf3 Bg7 3. c4 Nf6 4. Nc3 d5 5. Qb3 c6 6. Bf4 e6 7. h3 0-0 8. Bh2 Qb6 9. e3 Qxb3 10. axb3 b6 11. Be2 Bb7 12. 0-0 c5 13. Rfd1 Rd8 14. Ra4 Nc6 15. dxc5 bxc5 16. Raa1 Rd7 17. Rd2 Rad8 18. Rad1 d4 19. exd4 cxd4 20. Nb5 Ne4 21. Rd3 a6 22. Bc7 Rc8 23. Be5 Nxe5 24. Nxe5 Bxe5 25. Na3 Nc5 26. Rf3 Bxf3 27. Bxf3 d3 0-1

[Event "POL-ch U13 Qual"]
[Site "Jastrzebia Gora"]
[Date "2021.11.16"]
[Round "3"]
[White "Krasniewski, Grzegorz"]
[Black "Spytek, Hubert"]
[Result "1/2-1/2"]
[WhiteElo "1075"]
[BlackElo "1220"]
[PlyCount "73"]
[EventDate "2021.11.15"]
[EventType "swiss"]
[EventRounds "9"]
[EventCountry "POL"]
[SourceTitle "EXT 2023"]
[Source "ChessBase"]
[SourceDate "2022.10.05"]
[SourceVersion "1"]
[SourceVersionDate "2022.10.05"]
[SourceQuality "1"]

1. e4 d5 2. exd5 Qxd5 3. Nc3 Qd6 4. Nf3 Nf6 5. d4 a6 6. Bc4 Bg4 7. Be2 g6 8. Be3 Bg7 9. h3 Bxf3 10. Bxf3 Nc6 11. Qd2 e6 12. Bxc6+ Qxc6 13. 0-0 0-0 14. Bh6 Rfd8 15. Bxg7 Kxg7 16. a3 Rd6 17. Rfd1 Rad8 18. Qe3 Qd7 19. Ne2 c5 20. c3 Qb5 21. Qd3 Qxd3 22. Rxd3 e5 23. Rad1 exd4 24. cxd4 Ne8 25. g4 Nc7 26. Kg2 Ne6 27. d5 Nc7 28. Nc3 b6 29. Kg3 h6 30. f4 a5 31. a4 f5 32. b3 Kf7 33. gxf5 gxf5 34. Kh4 Rg8 35. Rg3 Rxg3 36. Kxg3 Kf6 37. h4 1/2-1/2

[Event "Poronin Tatra Limba op-B"]
[Site "Poronin"]
[Date "2021.05.23"]
[Round "2.23"]
[White "Jaros, Emilia"]
[Black "Spytek, Hubert"]
[Result "1/2-1/2"]
[WhiteElo "1307"]
[BlackElo "1106"]
[PlyCount "76"]
[EventDate "2021.05.22"]
[EventType "swiss"]
[EventRounds "9"]
[EventCountry "POL"]
[SourceTitle "EXT 2022"]
[Source "ChessBase"]
[SourceDate "2021.10.06"]
[SourceVersion "1"]
[SourceVersionDate "2021.10.06"]
[SourceQuality "1"]

1. e4 d5 2. exd5 Nf6 3. d4 Nxd5 4. Nf3 Bg4 5. Be2 g6 6. c4 Nb6 7. Nc3 c6 8. c5 Nd5 9. Bc4 e6 10. Bxd5 cxd5 11. Qa4+ Qd7 12. Ne5 Qxa4 13. Nxa4 Bf5 14. Nc3 Nc6 15. Nxc6 bxc6 16. Bf4 Bg7 17. Rd1 0-0 18. Bd6 Rfe8 19. 0-0 e5 20. dxe5 Bxe5 21. Bxe5 Rxe5 22. f4 Re6 23. h3 Re7 24. Rfe1 Rb7 25. b3 Rd8 26. Rd4 Kf8 27. b4 a6 28. a4 Be6 29. Kf2 Rdb8 30. Rb1 Bf5 31. Rb2 Bd7 32. a5 Re8 33. g4 f5 34. g5 Be6 35. h4 h6 36. Nb1 Rh7 37. Kg3 Kf7 38. Re2 h5 1/2-1/2

[Event "Poronin Tatra Limba op-B"]
[Site "Poronin"]
[Date "2021.05.22"]
[Round "1.19"]
[White "Spytek, Hubert"]
[Black "Mytnik, Kinga"]
[Result "0-1"]
[WhiteElo "1106"]
[BlackElo "1406"]
[PlyCount "70"]
[EventDate "2021.05.22"]
[EventType "swiss"]
[EventRounds "9"]
[EventCountry "POL"]
[SourceTitle "EXT 2022"]
[Source "ChessBase"]
[SourceDate "2021.10.06"]
[SourceVersion "1"]
[SourceVersionDate "2021.10.06"]
[SourceQuality "1"]

1. Nf3 d6 2. d4 Nd7 3. c4 c6 4. e3 e5 5. Nc3 f5 6. dxe5 dxe5 7. e4 f4 8. b3 Bb4 9. Bb2 Ngf6 10. a3 Ba5 11. b4 Bc7 12. Bd3 a5 13. 0-0 0-0 14. Qc2 h6 15. Rfd1 Nh7 16. c5 Ng5 17. Bc4+ Kh8 18. Nxg5 Qxg5 19. f3 b6 20. Ne2 bxc5 21. bxa5 Nf6 22. Nc1 Bxa5 23. Nb3 Bb6 24. a4 Nd7 25. Be6 c4+ 26. Kh1 cxb3 27. Qxc6 Ra6 28. Bxd7 Bd4 29. Qb5 Rb6 30. Qa5 Rg6 31. Rd2 Bxb2 32. Rb1 Bd4 33. Qb4 Rd8 34. Bxc8 Rxc8 35. Qxb3 Rgc6 0-1

[Event "POL-chT U20 2nd League"]
[Site "Sypniewo"]
[Date "2020.??.??"]
[Round "7.44"]
[White "Mossakowski, Jakub"]
[Black "Spytek, Hubert"]
[Result "1-0"]
[WhiteElo "1302"]
[BlackElo "1180"]
[PlyCount "95"]
[EventDate "2020.10.23"]
[EventType "team-swiss"]
[EventRounds "9"]
[EventCountry "POL"]
[SourceTitle "CBM 199 Extra"]
[Source "ChessBase"]
[SourceDate "2021.01.31"]
[SourceVersion "1"]
[SourceVersionDate "2021.01.31"]
[SourceQuality "1"]

1. Nf3 Nf6 2. d4 d5 3. c4 e6 4. Nc3 c6 5. e3 Nbd7 6. Bd3 Bd6 7. 0-0 0-0 8. Re1 Re8 9. e4 dxe4 10. Nxe4 Nxe4 11. Bxe4 Nf6 12. Bg5 Be7 13. Bc2 b5 14. c5 Nd5 15. Be3 Qc7 16. Qd3 Nf6 17. Ne5 h6 18. a3 Rd8 19. b4 Bb7 20. g3 Rd5 21. Bf4 Qd8 22. Rad1 Qe8 23. Bb3 Rdd8 24. Bc2 Rd5 25. g4 g5 26. Bg3 Qf8 27. Bb3 Rdd8 28. h3 Qg7 29. Nxf7 Kxf7 30. Bxe6+ Kf8 31. Qf5 Bc8 32. Bc7 Bxe6 33. Rxe6 Rd7 34. Be5 Kf7 35. Rxc6 Rad8 36. Rd3 Qg6 37. Rf3 Qxf5 38. Rxf5 Kg7 39. Bxf6+ Bxf6 40. Rfxf6 Rxd4 41. Rxh6 Rd1+ 42. Kg2 Ra1 43. Rcg6+ Kf7 44. Ra6 Ra2 45. Rxa7+ Kg8 46. Rg6+ Kf8 47. Rxg5 Rdd2 48. Rf5+ 1-0

[Event "POL-chT U20 2nd League"]
[Site "Sypniewo"]
[Date "2020.??.??"]
[Round "3.45"]
[White "Trzebinski, Patryk"]
[Black "Spytek, Hubert"]
[Result "1-0"]
[WhiteElo "1837"]
[BlackElo "1180"]
[PlyCount "93"]
[EventDate "2020.10.23"]
[EventType "team-swiss"]
[EventRounds "9"]
[EventCountry "POL"]
[SourceTitle "CBM 199 Extra"]
[Source "ChessBase"]
[SourceDate "2021.01.31"]
[SourceVersion "1"]
[SourceVersionDate "2021.01.31"]
[SourceQuality "1"]

1. e4 e5 2. Nf3 Nc6 3. Bc4 Bc5 4. d3 d6 5. Nc3 Nf6 6. Bg5 Be6 7. Nd5 Bxd5 8. exd5 Nd4 9. Nxd4 Bxd4 10. c3 Bb6 11. Qa4+ Kf8 12. 0-0-0 h6 13. Be3 Ke7 14. d4 Qf8 15. dxe5 Bxe3+ 16. fxe3 dxe5 17. d6+ cxd6 18. Qb5 Qd8 19. Qxb7+ Qd7 20. Qa6 Rhc8 21. Rhf1 Qc6 22. Qxc6 Rxc6 23. Rxf6 gxf6 24. Bd5 Rac8 25. Bxc6 Rxc6 26. Rd5 Ke6 27. Ra5 Rc7 28. Ra6 Rd7 29. Kc2 Kf5 30. Kd3 Ke6 31. a4 f5 32. b4 f6 33. c4 Ke7 34. a5 Rb7 35. b5 Kd7 36. Rc6 Rb8 37. g3 Rb7 38. Kc3 Rb8 39. Kb4 h5 40. c5 dxc5+ 41. Kxc5 Rf8 42. Ra6 Rc8+ 43. Kd5 Ra8 44. b6 Kc8 45. Kc6 Kd8 46. b7 Rb8 47. Rxa7 1-0